| 000 | 00890cam a2200253 a 4500 | ||
|---|---|---|---|
| 001 | 15495249 | ||
| 005 | 20180306075458.0 | ||
| 008 | 081023s2010 njua b 001 0 eng | ||
| 010 | _a 2008043488 | ||
| 020 | _a9780135030035 (pbk.) | ||
| 020 | _a013503003X (pbk.) | ||
| 035 | _a(OCoLC)ocn212857722 | ||
| 040 |
_aDLC _cDLC _dYDX _dBTCTA _dBAKER _dYDXCP _dDLC |
||
| 041 | _aeng | ||
| 080 | _a158 rob | ||
| 082 | 0 | 0 |
_a158 rob _222 |
| 100 | 1 | _a49 | |
| 101 | _apsi | ||
| 245 | 1 | 0 |
_aCornerstone : _cRobert M. Sherfield, Patricia G. Moody. |
| 504 | _aIncludes bibliographical references (p. 311-315) and index. | ||
| 906 |
_a7 _bcbc _corignew _d1 _eecip _f20 _gy-gencatlg |
||
| 942 |
_2ddc _cBK |
||
| 999 |
_c44193 _d44193 |
||